[Event "ICS rated blitz match"]
[Site "204.178.125.65"]
[Date "2000.08.10"]
[Round "?"]
[White "Dorky"]
[Black "Hossa"]
[Result "1/2-1/2"]
[WhiteElo "2310"]
[BlackElo "2510"]
[PlyCount "129"]
[EventDate "2000.??.??"]

1. e4 c5 2. Ne2 Nf6 3. Nbc3 Nc6 4. d4 cxd4 5. Nxd4 d6 6. Bb5 Bd7 7. O-O e6 8.
Nxc6 bxc6 9. Bc4 Be7 10. Qf3 O-O 11. Be3 e5 12. Qe2 Qb8 13. Rab1 Ng4 14. Bd2
Qc7 15. f3 Qb6+ 16. Kh1 Nf6 17. Be3 Qc7 18. Kg1 Be6 19. Qd3 Rad8 20. Bb3 Bxb3
21. axb3 d5 22. Ra1 d4 23. Bf2 dxc3 24. Qxc3 Ra8 25. Qa5 Rfc8 26. Rfd1 Qxa5 27.
Rxa5 Rd8 28. Rxd8+ Rxd8 29. Be3 Rd7 30. Rxe5 Bd8 31. Bg5 h6 32. Bxf6 Bxf6 33.
Re8+ Kh7 34. e5 Rd8 35. Rxd8 Bxd8 36. g3 Bb6+ 37. Kg2 Bd4 38. f4 Bxb2 39. f5
Bxe5 40. Kf3 g6 41. fxg6+ fxg6 42. Ke4 Bb2 43. g4 g5 44. Kf5 Kg7 45. Ke6 Bd4
46. Kd6 c5 47. h3 Kf7 48. Kd5 Be3 49. Kc6 Ke7 50. c4 Ke6 51. Kb7 Ke5 52. Kxa7
Kf4 53. Kb6 Kg3 54. Kc6 Kxh3 55. Kd5 Kxg4 56. b4 cxb4 57. Ke4 Bc1 58. c5 h5 59.
c6 Bf4 60. Kd4 Kf3 61. Kc4 Ke4 62. Kxb4 Kd5 63. Kb5 Bc7 64. Kb4 Kxc6 65. Kc3
1/2-1/2

[Event "ICS rated standard match"]
[Site "204.178.125.65"]
[Date "2000.08.10"]
[Round "?"]
[White "Amy"]
[Black "Hossa"]
[Result "1/2-1/2"]
[WhiteElo "2556"]
[BlackElo "2403"]
[PlyCount "136"]
[EventDate "2000.??.??"]

1. d4 Nf6 2. c4 Nc6 3. Nf3 e6 4. a3 d6 5. Nc3 g6 6. e4 Bg7 7. Be2 O-O 8. O-O e5
9. d5 Ne7 10. a4 Ne8 11. Be3 f5 12. Qc2 Nf6 13. Bd3 fxe4 14. Nxe4 Nxe4 15. Bxe4
Nf5 16. Bd2 Nd4 17. Nxd4 exd4 18. Rae1 a5 19. Re2 Bd7 20. Rfe1 Qh4 21. Qb3 b6
22. g3 Qf6 23. Bf4 Rae8 24. f3 Bh3 25. Qd1 Qf7 26. Qd2 Bd7 27. Qc2 Ra8 28. Qb3
Bh3 29. Bg5 Rab8 30. g4 Rbc8 31. Qa3 Rce8 32. Bd2 Qf6 33. Qb3 Rd8 34. Qd3 Kh8
35. Qb1 Rde8 36. b3 Qf7 37. Bc1 Re7 38. Qd3 Be5 39. Kh1 Bf6 40. Bb2 Qg7 41. Rd1
Kg8 42. Bxd4 Bxd4 43. Qxd4 Qxd4 44. Rxd4 Rf4 45. Kg1 Kf8 46. g5 Re5 47. Kf2
Rxg5 48. Ke3 Rf7 49. Bb1 Kg7 50. Bc2 Bf5 51. Be4 Bxe4 52. Rxe4 Rg1 53. Kf2 Rb1
54. R2e3 Rb2+ 55. Kg3 h6 56. Re6 g5 57. h3 h5 58. h4 gxh4+ 59. Kxh4 Rh2+ 60.
Kg3 Rh1 61. Kg2 Rd1 62. Kf2 h4 63. R6e4 Rd2+ 64. Re2 Rd3 65. R2e3 Rd2+ 66. Re2
Rd3 67. R2e3 Rd2+ 68. Re2 Rd3 1/2-1/2

[Event "ICS rated standard match"]
[Site "204.178.125.65"]
[Date "2000.08.10"]
[Round "?"]
[White "Sisel"]
[Black "Hossa"]
[Result "0-1"]
[WhiteElo "2228"]
[BlackElo "2410"]
[PlyCount "36"]
[EventDate "2000.??.??"]

1. d4 Nf6 2. c4 Nc6 3. d5 Ne5 4. Qc2 e6 5. f4 Ng6 6. e4 Bb4+ 7. Bd2 Bxd2+ 8.
Nxd2 Nxf4 9. Ngf3 d6 10. O-O-O Ng4 11. Qc3 Nf2 12. Qxg7 Ng6 13. Be2 Qe7 14. h4
Nxh1 15. Rxh1 e5 16. h5 f5 17. Qh6 Nf4 18. Bf1 Rg8 {Sisel resigns} 0-1

[Event "ICS rated standard match"]
[Site "204.178.125.65"]
[Date "2000.08.10"]
[Round "?"]
[White "Hossa"]
[Black "stevesand"]
[Result "1-0"]
[WhiteElo "2412"]
[BlackElo "2123"]
[PlyCount "35"]
[EventDate "2000.??.??"]

1. e4 e5 2. Nf3 Nc6 3. Nc3 Nf6 4. Nxe5 Nxe5 5. d4 Nc6 6. d5 Nb8 7. e5 Ng8 8. d6
cxd6 9. exd6 Qa5 10. Bf4 Nc6 11. Bc4 Nh6 12. O-O Nd8 13. Bxh6 gxh6 14. Qd4 Rg8
15. Nd5 Ne6 16. Nf6+ Kd8 17. Bxe6 dxe6 18. d7 {stevesand resigns} 1-0

[Event "ICS rated standard match"]
[Site "204.178.125.65"]
[Date "2000.08.10"]
[Round "?"]
[White "Hossa"]
[Black "stevesand"]
[Result "1-0"]
[WhiteElo "2422"]
[BlackElo "2113"]
[PlyCount "97"]
[EventDate "2000.??.??"]

1. e4 e5 2. Nf3 Nc6 3. Bc4 Bc5 4. c3 Nf6 5. b4 Bb6 6. d3 d6 7. a4 a6 8. O-O h6
9. Be3 Bxe3 10. fxe3 O-O 11. Na3 Be6 12. b5 axb5 13. axb5 Ne7 14. Qb3 Bxc4 15.
Nxc4 Qd7 16. b6 c6 17. Ra7 Rxa7 18. bxa7 b5 19. a8=Q Rxa8 20. Nb6 Qa7 21. Nxa8
Qxa8 22. Ne1 Qa7 23. Nc2 Ng6 24. Ra1 Qd7 25. Nb4 Ng4 26. Qa2 Nxe3 27. Qf2 Ng4
28. Ra8+ Kh7 29. Ra7 Nxf2 30. Rxd7 Nd1 31. Rxd6 Nxc3 32. Nxc6 f6 33. g3 h5 34.
h4 Kg8 35. Rd8+ Kf7 36. Rc8 Ne2+ 37. Kf2 Nd4 38. Nxd4 exd4 39. Rd8 Ne5 40. Rxd4
b4 41. Ke3 g5 42. hxg5 fxg5 43. Rxb4 h4 44. Rb5 Kf6 45. gxh4 gxh4 46. Rxe5 Kxe5
47. d4+ Ke6 48. d5+ Ke5 49. Kf3 {stevesand resigns} 1-0

[Event "ICS rated standard match"]
[Site "204.178.125.65"]
[Date "2000.08.10"]
[Round "?"]
[White "jigz"]
[Black "Hossa"]
[Result "0-1"]
[WhiteElo "2200"]
[BlackElo "2427"]
[PlyCount "30"]
[EventDate "2000.??.??"]

1. e4 c5 2. Nf3 d6 3. d3 Nc6 4. d4 cxd4 5. Nxd4 Nf6 6. Nc3 e5 7. Nb3 Be7 8. Rg1
O-O 9. g4 Be6 10. Be3 d5 11. g5 Nxe4 12. Nxe4 dxe4 13. Qh5 Nb4 14. Qe2 Rc8 15.
c3 Nd3+ {jigz resigns} 0-1

[Event "ICS rated standard match"]
[Site "204.178.125.65"]
[Date "2000.08.10"]
[Round "?"]
[White "Hossa"]
[Black "jigz"]
[Result "1-0"]
[WhiteElo "2427"]
[BlackElo "2116"]
[PlyCount "27"]
[EventDate "2000.??.??"]

1. e4 e5 2. Nf3 Nc6 3. Bc4 Nf6 4. Ng5 d5 5. exd5 Na5 6. d3 h6 7. Nf3 e4 8. Nfd2
Nxc4 9. dxc4 c6 10. Qe2 cxd5 11. cxd5 Qxd5 12. Nc3 Qe6 13. O-O Bb4 14. Qb5+ {
jigz resigns} 1-0

[Event "ICS rated standard match"]
[Site "204.178.125.65"]
[Date "2000.08.10"]
[Round "?"]
[White "Hossa"]
[Black "IZZYLISTED"]
[Result "1-0"]
[WhiteElo "2427"]
[BlackElo "2169"]
[PlyCount "73"]
[EventDate "2000.??.??"]

1. d4 e6 2. g3 c5 3. dxc5 Bxc5 4. Bg2 Nf6 5. Nf3 Nc6 6. O-O O-O 7. c4 d5 8.
cxd5 exd5 9. Bg5 Be6 10. Nc3 d4 11. Ne4 Be7 12. Nxf6+ Bxf6 13. Bxf6 Qxf6 14.
Qd3 Rad8 15. Rfc1 a6 16. Rc5 Rd5 17. Rcc1 Rfd8 18. Nd2 Ne5 19. Qa3 d3 20. Bxd5
Bxd5 21. e4 Bc6 22. Qa5 Rd7 23. Qb6 h5 24. f4 Qh6 25. Qc5 Ng6 26. Qf5 Ne7 27.
Qe5 h4 28. Qb8+ Kh7 29. Nf3 d2 30. Rd1 hxg3 31. hxg3 Qh5 32. Ng5+ Kg6 33. Qf8
f6 34. Ne6 Nf5 35. Qg8 Bxe4 36. Nf8+ Kh6 37. Qh8# 1-0

[Event "ICS rated standard match"]
[Site "204.178.125.65"]
[Date "2000.08.10"]
[Round "?"]
[White "MissSilicon"]
[Black "Hossa"]
[Result "1/2-1/2"]
[WhiteElo "2469"]
[BlackElo "2433"]
[PlyCount "118"]
[EventDate "2000.??.??"]

1. e4 c5 2. Nf3 d6 3. d4 cxd4 4. Nxd4 Nf6 5. Nc3 a6 6. Bd3 e5 7. Nde2 Be7 8.
O-O O-O 9. Ng3 Nc6 10. b3 Nb4 11. Bb2 Nxd3 12. cxd3 b5 13. Re1 Bg4 14. Nce2 Qa5
15. a3 Rac8 16. h3 Be6 17. f4 b4 18. a4 exf4 19. Nxf4 Qg5 20. Nxe6 fxe6 21. Kh2
h5 22. Rf1 Ng4+ 23. hxg4 Qh4+ 24. Kg1 Qxg3 25. gxh5 Rxf1+ 26. Qxf1 Qe3+ 27. Kh1
Rf8 28. Qe1 Qxd3 29. Qxb4 Rf4 30. Qc3 Qxc3 31. Bxc3 Rxe4 32. Kg1 d5 33. Rc1 Bg5
34. Rf1 Be3+ 35. Kh2 d4 36. Bb2 Rf4 37. Rxf4 Bxf4+ 38. Kg1 e5 39. Kf2 a5 40. b4
axb4 41. a5 d3 42. a6 d2 43. Ke2 Be3 44. Bxe5 Kf7 45. a7 Bxa7 46. Kxd2 Bc5 47.
Kd3 Bf8 48. g4 Ke6 49. Bb2 Kd5 50. Bd4 Ke6 51. Kc4 Kf7 52. Be3 Ke6 53. Bf4 Bd6
54. Bxd6 Kxd6 55. Kxb4 Ke5 56. g5 Kf5 57. h6 gxh6 58. gxh6 Kg6 59. h7 Kxh7
1/2-1/2

[Event "ICS rated standard match"]
[Site "204.178.125.65"]
[Date "2000.08.10"]
[Round "?"]
[White "BrazilianMaster"]
[Black "Hossa"]
[Result "1-0"]
[WhiteElo "2556"]
[BlackElo "2435"]
[PlyCount "101"]
[EventDate "2000.??.??"]

1. e4 d5 2. exd5 Qxd5 3. Nc3 Qe6+ 4. Nge2 Nf6 5. d4 Qb6 6. Ng3 Bd7 7. Bc4 Nc6
8. d5 O-O-O 9. O-O Bg4 10. Be3 Bxd1 11. Bxb6 Ne5 12. Bb3 Bxc2 13. Bd4 Bxb3 14.
axb3 Nd3 15. Rxa7 Nb4 16. Nf5 Nc2 17. Rc1 Nxd4 18. Nxd4 Re8 19. Na4 Kd7 20.
Rxc7+ Kd6 21. Rcxb7 Kxd5 22. Nf3 Ke4 23. Nc3+ Kf5 24. Rb5+ e5 25. Nd1 Ng4 26.
h3 Nh6 27. Ne3+ Kf6 28. g4 g5 29. h4 gxh4 30. g5+ Kg6 31. gxh6 f6 32. Nxh4+ Kh5
33. Nhf5 Bxh6 34. Nd5 Ref8 35. Rb4 Bg5 36. Rba4 Rfg8 37. Ng3+ Kh6 38. Ne7 Bf4
39. Kg2 Bxg3 40. Nxg8+ Rxg8 41. fxg3 Rd8 42. Rg4 Rd2+ 43. Kh3 e4 44. Rg8 Rf2
45. g4 Rf3+ 46. Kg2 Rd3 47. Ra6 Rd2+ 48. Kg3 Rd3+ 49. Kh4 Rd6 50. Rxd6 e3 51.
Rxf6# {Hossa checkmated} 1-0

[Event "ICS rated standard match"]
[Site "204.178.125.65"]
[Date "2000.08.10"]
[Round "?"]
[White "Hossa"]
[Black "tramontana"]
[Result "1-0"]
[WhiteElo "2424"]
[BlackElo "2049"]
[PlyCount "61"]
[EventDate "2000.??.??"]

1. e4 d6 2. d4 Nf6 3. Nc3 e5 4. dxe5 dxe5 5. Qxd8+ Kxd8 6. Nf3 Bd6 7. Bg5 Be6
8. O-O-O Nbd7 9. Bh4 a6 10. Ng5 Bb4 11. Nxe6+ fxe6 12. Nb1 Ke7 13. c3 Bd6 14.
Nd2 h6 15. h3 g5 16. Bg3 Nh5 17. Bh2 Nf4 18. g3 Ng6 19. Be2 Rhf8 20. Bg1 Bc5
21. Rh2 Rf6 22. Nc4 Raf8 23. Bh5 Nh8 24. Rd2 Nf7 25. b4 Ba7 26. Rg2 Nd6 27.
Nxd6 cxd6 28. Kc2 Nb6 29. f4 exf4 30. e5 dxe5 31. Bc5# 1-0

[Event "ICS rated standard match"]
[Site "204.178.125.65"]
[Date "2000.08.10"]
[Round "?"]
[White "Hossa"]
[Black "Narrator"]
[Result "1-0"]
[WhiteElo "2427"]
[BlackElo "1993"]
[PlyCount "20"]
[EventDate "2000.??.??"]

1. e4 d5 2. exd5 Nf6 3. d4 Nxd5 4. c4 Nf6 5. Nf3 c5 6. d5 e6 7. Nc3 Bd6 8. dxe6
Bxe6 9. Nb5 Qa5+ 10. b4 Qxb4+ {Narrator resigns} 1-0

[Event "ICS rated blitz match"]
[Site "204.178.125.65"]
[Date "2000.08.10"]
[Round "?"]
[White "Hossa"]
[Black "MissSilicon"]
[Result "0-1"]
[WhiteElo "2502"]
[BlackElo "2663"]
[PlyCount "156"]
[EventDate "2000.??.??"]

1. e4 c5 2. Nf3 Nc6 3. Nc3 e6 4. d4 cxd4 5. Nxd4 a6 6. Nxc6 bxc6 7. Bd3 Bb4 8.
Bd2 Nf6 9. e5 Bxc3 10. bxc3 Nd5 11. Qg4 g6 12. c4 Ne7 13. O-O O-O 14. Bg5 Re8
15. Qf4 h6 16. Bxh6 Nf5 17. Bg5 Qa5 18. g4 Ng7 19. Bf6 Kh7 20. Qg5 Rh8 21. h4
d5 22. h5 Qc7 23. Bxg6+ fxg6 24. Qxg6+ Kg8 25. h6 Rh7 26. hxg7 Qf7 27. Qd3 a5
28. Kg2 Ba6 29. Rh1 Rxg7 30. Bxg7 Qxg7 31. Qh3 Bxc4 32. Qh5 Be2 33. Rh4 Rf8 34.
Kg1 Rb8 35. a3 c5 36. Re1 Bf3 37. c3 Be4 38. a4 Bg6 39. Qg5 Rf8 40. Qe3 Qe7 41.
Qh3 Kg7 42. Kf1 Qg5 43. Rd1 Qf4 44. Qh2 Qxa4 45. Re1 Qc4+ 46. Kg1 Qxc3 47. Rf1
a4 48. Rd1 d4 49. Rh3 Qc2 50. Rf1 d3 51. Qh1 Qc4 52. Qb7+ Rf7 53. Qc8 Qxg4+ 54.
Rg3 Qc4 55. Qd8 Qd5 56. Qg5 Qe4 57. Rd1 Qf5 58. Qxf5 Rxf5 59. Rdxd3 Rxe5 60.
Rde3 Rxe3 61. Rxe3 c4 62. Rxe6 c3 63. Rc6 c2 64. Rc7+ Kh6 65. Rc3 a3 66. Kg2
Be4+ 67. Kh2 Bf5 68. Rc6+ Kh7 69. Rc7+ Kh8 70. Rc5 a2 71. Rxf5 c1=Q 72. Rh5+
Kg7 73. Kg2 a1=Q 74. Kg3 Qg1+ 75. Kf3 Qf6+ 76. Ke4 Qb1+ 77. Kd5 Qb3+ 78. Ke4
Qbf3# {Hossa checkmated} 0-1

[Event "ICS rated blitz match"]
[Site "204.178.125.65"]
[Date "2000.08.10"]
[Round "?"]
[White "MissSilicon"]
[Black "Hossa"]
[Result "1-0"]
[WhiteElo "2672"]
[BlackElo "2493"]
[PlyCount "137"]
[EventDate "2000.??.??"]

1. e4 c5 2. Nf3 Nc6 3. d4 cxd4 4. Nxd4 e5 5. Nb5 a6 6. Nd6+ Bxd6 7. Qxd6 Qf6 8.
Qxf6 Nxf6 9. Nc3 Nb4 10. Kd2 d5 11. a3 d4 12. axb4 dxc3+ 13. Ke3 Ke7 14. bxc3
Be6 15. Bd3 Rac8 16. Bb2 Rhd8 17. Rhd1 Ng4+ 18. Ke2 g6 19. Ra5 Nxh2 20. Rxe5
Ng4 21. Ra5 Bc4 22. f3 Nf6 23. Bc1 Bxd3+ 24. cxd3 Nd7 25. Bd2 Rc6 26. d4 Rdc8
27. d5 Rc4 28. d6+ Kxd6 29. Rd5+ Kc6 30. b5+ axb5 31. Bf4 Rxc3 32. Rd6+ Kc5 33.
Rxd7 f6 34. Rxb7 Kc6 35. Rxh7 Kc5 36. Be3+ Kc4 37. Rd4+ Kb3 38. Rb7 R8c5 39.
Rb6 g5 40. Rxf6 g4 41. fxg4 R5c4 42. g5 b4 43. g6 Rc2+ 44. Kf3 Rc8 45. g7 Rg8
46. Rd7 Rcc8 47. Rb7 Kc3 48. Rfb6 Rc4 49. Bf4 Kd3 50. Rd7+ Rd4 51. Bd6 Kc2 52.
Rb8 Rxg7 53. Rxg7 Rxd6 54. Rxb4 Kd3 55. e5 Re6 56. Rd7+ Kc3 57. Re4 Kb3 58. g4
Kc3 59. Rd6 Re8 60. e6 Re7 61. Rd7 Re8 62. Rc7+ Kb2 63. Rb4+ Ka3 64. Rb6 Rf8+
65. Kg3 Ra8 66. e7 Ra5 67. e8=Q Rb5 68. Qxb5 Ka2 69. Qa6# {Hossa checkmated}
1-0

[Event "ICS rated standard match"]
[Site "204.178.125.65"]
[Date "2000.08.10"]
[Round "?"]
[White "Hossa"]
[Black "tramontana"]
[Result "1-0"]
[WhiteElo "2432"]
[BlackElo "2027"]
[PlyCount "71"]
[EventDate "2000.??.??"]

1. e4 d6 2. d4 Nf6 3. Nc3 e5 4. dxe5 dxe5 5. Qxd8+ Kxd8 6. Nf3 Bd6 7. Bg5 Be6
8. O-O-O Nbd7 9. Bh4 a6 10. Ng5 Ke7 11. Nxe6 fxe6 12. f3 Rad8 13. a3 Bc5 14.
Kb1 Nb8 15. Bd3 Nc6 16. Bg5 h6 17. Bd2 Nd4 18. Na4 Bd6 19. Be3 Nh5 20. Nc3 c5
21. Bf1 Rd7 22. Rd2 Rhd8 23. a4 Nf6 24. Bc4 Bc7 25. Rdd1 Ba5 26. Rd3 Ne8 27.
Rhd1 Nc7 28. Bf2 b6 29. Bh4+ g5 30. Be1 Bxc3 31. Bxc3 a5 32. h4 Rh8 33. hxg5
hxg5 34. Bd2 Rg8 35. c3 Ne2 36. Bxg5+ {tramontana resigns} 1-0

[Event "ICS rated standard match"]
[Site "204.178.125.65"]
[Date "2000.08.10"]
[Round "?"]
[White "WhiteCastles"]
[Black "Hossa"]
[Result "1-0"]
[WhiteElo "2671"]
[BlackElo "2435"]
[PlyCount "127"]
[EventDate "2000.??.??"]

1. e4 c5 2. Nf3 d6 3. Bb5+ Nc6 4. O-O a6 5. Bxc6+ bxc6 6. d4 cxd4 7. Qxd4 e5 8.
Qd3 Nf6 9. b3 Be7 10. Nbd2 O-O 11. Nc4 d5 12. Ncxe5 dxe4 13. Qxd8 Bxd8 14. Nd4
c5 15. Ndc6 Bb7 16. Bb2 Re8 17. Nxd8 Rexd8 18. Nc4 Bd5 19. Bxf6 gxf6 20. Ne3
Be6 21. f3 f5 22. fxe4 fxe4 23. Rf4 Rd4 24. c3 Rd2 25. Rxe4 Rad8 26. c4 Rb2 27.
Re5 Re2 28. Rg5+ Kh8 29. Nd5 Bxd5 30. cxd5 Rd2 31. Rf1 Rg8 32. Rxg8+ Kxg8 33.
Rf6 Rxa2 34. Rc6 Ra1+ 35. Kf2 Ra2+ 36. Kf3 Rb2 37. d6 Kg7 38. d7 Rd2 39. Rc7
Kf8 40. Ke3 Rd6 41. Ke4 Rd2 42. Rc8+ Ke7 43. d8=B+ Rxd8 44. Rxd8 Kxd8 45. Kd5
Kc7 46. Kxc5 h5 47. h4 Kb7 48. g4 hxg4 49. Kd4 f5 50. h5 f4 51. Ke4 f3 52. Ke3
Kb6 53. h6 Ka5 54. h7 Kb4 55. h8=Q g3 56. Qd4+ Kb5 57. Kxf3 Kc6 58. Kxg3 Kb7
59. Qd7+ Kb8 60. b4 Ka8 61. Qc7 a5 62. b5 a4 63. b6 a3 64. Qa7# {
Hossa checkmated} 1-0

[Event "ICS rated standard match"]
[Site "204.178.125.65"]
[Date "2000.08.10"]
[Round "?"]
[White "Hossa"]
[Black "WhiteCastles"]
[Result "1-0"]
[WhiteElo "2428"]
[BlackElo "2678"]
[PlyCount "137"]
[EventDate "2000.??.??"]

1. e4 e5 2. Nf3 Nc6 3. Bc4 Nf6 4. Ng5 d5 5. exd5 Na5 6. d3 h6 7. Nf3 Nxc4 8.
dxc4 e4 9. Nd4 c6 10. dxc6 bxc6 11. Nxc6 Qxd1+ 12. Kxd1 Ng4 13. Be3 Nxe3+ 14.
fxe3 Bb7 15. Nd4 O-O-O 16. Nc3 Bc5 17. Ke2 Bxd4 18. exd4 Rxd4 19. Nb5 Rd7 20.
Nxa7+ Kb8 21. Nb5 f5 22. Rhd1 Rxd1 23. Rxd1 f4 24. Rd7 g5 25. Nd6 Ba8 26. b4 e3
27. Kf1 Bc6 28. Re7 Rd8 29. c5 Bd7 30. c4 Bc8 31. b5 h5 32. b6 h4 33. b7 Bxb7
34. Rxb7+ Ka8 35. Rg7 h3 36. gxh3 Kb8 37. Rxg5 Kc7 38. Rf5 Rh8 39. Nb5+ Kd7 40.
Rf7+ Ke6 41. Rxf4 Kd7 42. Rf7+ Ke6 43. Rf3 Kd7 44. Rxe3 Kc6 45. Re5 Rh4 46.
Na7+ Kc7 47. Re7+ Kd8 48. Nc6+ Kc8 49. Ne5 Rxh3 50. Kg2 Ra3 51. c6 Rxa2+ 52.
Kg3 Ra3+ 53. Kf4 Rc3 54. h4 Rc2 55. h5 Rf2+ 56. Nf3 Rc2 57. h6 Rxc4+ 58. Kg5
Rc5+ 59. Kg6 Rxc6+ 60. Kg7 Rxh6 61. Kxh6 Kd8 62. Rf7 Ke8 63. Ra7 Kd8 64. Ne5
Kc8 65. Nd7 Kd8 66. Nb6 Ke8 67. Kg7 Kd8 68. Kf6 Ke8 69. Ra8# 1-0

[Event "ICS rated standard match"]
[Site "204.178.125.65"]
[Date "2000.08.10"]
[Round "?"]
[White "KampfTrinker"]
[Black "Hossa"]
[Result "1-0"]
[WhiteElo "2320"]
[BlackElo "2454"]
[PlyCount "123"]
[EventDate "2000.??.??"]

1. e4 c5 2. Nf3 d6 3. d4 cxd4 4. Nxd4 Nf6 5. Nc3 a6 6. Bg5 e5 7. Bxf6 gxf6 8.
Nf5 Nc6 9. Ne3 Bh6 10. Nc4 Nd4 11. Nd5 Bg4 12. f3 Be6 13. Ncb6 Rb8 14. c3 Nc6
15. Bd3 Rg8 16. Qe2 Rg6 17. Rd1 Ne7 18. a3 Bxd5 19. Nxd5 Nxd5 20. exd5 Rg7 21.
Qc2 Qb6 22. Bxh7 Qe3+ 23. Kf1 Ke7 24. Bf5 Rgg8 25. Qa4 Rbd8 26. Qb4 Qa7 27. Re1
Rg5 28. Bh3 Rdg8 29. Qh4 R5g6 30. f4 Qb8 31. Bf5 Rxg2 32. fxe5 dxe5 33. Qxh6
Qd6 34. c4 Rxb2 35. Qe3 Rg5 36. Be4 Qc7 37. c5 Qc8 38. d6+ Ke8 39. Re2 Rb5 40.
h4 Rg8 41. c6 bxc6 42. Qf3 Rc5 43. Qxf6 Qe6 44. Bxc6+ Rxc6 45. Rxe5 Rxd6 46.
Rh2 Rd1+ 47. Kf2 Rd6 48. h5 Rc6 49. Rxe6+ fxe6 50. Qb2 Rg5 51. h6 Rb5 52. Qxb5
axb5 53. h7 Rc2+ 54. Kg3 Rc3+ 55. Kf4 Kf7 56. h8=Q Rc4+ 57. Kf3 Ke7 58. Rh7+
Kd6 59. Qd8+ Kc5 60. Rc7+ Kb6 61. Qb8+ Ka6 62. Ra7# {Hossa checkmated} 1-0

[Event "ICS rated standard match"]
[Site "204.178.125.65"]
[Date "2000.08.10"]
[Round "?"]
[White "Hossa"]
[Black "KampfTrinker"]
[Result "1/2-1/2"]
[WhiteElo "2446"]
[BlackElo "2381"]
[PlyCount "174"]
[EventDate "2000.??.??"]

1. e4 e5 2. Nf3 Nc6 3. Bc4 Nf6 4. Ng5 d5 5. exd5 Na5 6. d3 h6 7. Nf3 e4 8. Nfd2
Bg4 9. Bb5+ c6 10. dxc6 bxc6 11. f3 cxb5 12. fxg4 exd3 13. O-O Be7 14. cxd3
Qxd3 15. Kh1 Nc6 16. Nc3 Rd8 17. Qf3 Qxf3 18. gxf3 a6 19. Nde4 O-O 20. Be3 Nxe4
21. fxe4 Ne5 22. Nd5 Bd6 23. Bb6 Rd7 24. a4 Re8 25. axb5 axb5 26. Ra5 Nxg4 27.
h3 Ne5 28. Rxb5 Rb7 29. Rg1 Reb8 30. Rc1 Nd3 31. Rf1 Be5 32. Kg2 Nxb2 33. Rb4
Rc8 34. Bc5 Rxb4 35. Bxb4 Rc4 36. Kf3 Nd3 37. Ba3 Nf4 38. Bb2 Bxb2 39. Kxf4 Kf8
40. Kf3 Be5 41. Rg1 Ra4 42. Re1 h5 43. Nb6 Ra3+ 44. Re3 Rxe3+ 45. Kxe3 Ke7 46.
Nd5+ Ke6 47. Kf3 Bd6 48. Ne3 Bc5 49. Nf1 Ke5 50. Ng3 g6 51. Ne2 Ba3 52. Nf4 Bf8
53. Nd3+ Kd4 54. Ne1 Bd6 55. Nc2+ Kd3 56. Ne1+ Kc3 57. Ng2 Kd4 58. Ne1 Bf8 59.
Nc2+ Kc4 60. Ne3+ Kd3 61. Nd5 Bd6 62. Nf6 Kd4 63. Nd5 Bf8 64. Ne3 Be7 65. Nd5
Bd6 66. Ne3 Kd3 67. Nd1 Bc5 68. Nb2+ Kc3 69. Na4+ Kd4 70. Nb2 Bb4 71. Nd1 Bd2
72. Nb2 Be3 73. Na4 g5 74. Nb2 g4+ 75. hxg4 hxg4+ 76. Kxg4 Kxe4 77. Kg3 Bc5 78.
Nc4 Bb4 79. Kg2 f5 80. Nb2 f4 81. Nd1 f3+ 82. Kf1 Bc5 83. Nf2+ Bxf2 84. Kxf2
Kf4 85. Kf1 Ke3 86. Ke1 f2+ 87. Kf1 Kf3 {Hossa stalemated} 1/2-1/2

[Event "ICS Rated standard match"]
[Site "204.178.125.65"]
[Date "2000.08.10"]
[Round "?"]
[White "KampfTrinker"]
[Black "Hossa"]
[Result "1-0"]
[WhiteElo "2429"]
[BlackElo "2445"]
[PlyCount "117"]
[EventDate "2000.??.??"]

1. e4 e5 2. Nf3 Nc6 3. Bb5 a6 4. Ba4 Nf6 5. O-O Be7 6. Re1 b5 7. Bb3 d6 8. c3
O-O 9. h3 Na5 10. Bc2 c5 11. d4 Qc7 12. d5 Nd7 13. Nbd2 c4 14. Nf1 Nc5 15. Ng3
Nab7 16. Be3 a5 17. b3 cxb3 18. axb3 Bd7 19. Qd2 a4 20. bxa4 Nxa4 21. Ne2 Na5
22. Reb1 Nc4 23. Qc1 Nxe3 24. Qxe3 Rfc8 25. Ra3 Nb6 26. Rxa8 Rxa8 27. Bd3 Nc4
28. Qc1 Ra2 29. Ra1 Ra4 30. Bc2 Ra5 31. Bd3 Qa7 32. Rxa5 Qxa5 33. Qb1 Bf8 34.
Bxc4 bxc4 35. Qb7 Qa1+ 36. Kh2 Be8 37. Ng3 f6 38. Qc8 Qa4 39. Nd2 Bd7 40. Qxc4
Qc2 41. Ngf1 f5 42. Qc7 Be8 43. Qc8 Bf7 44. f4 exf4 45. e5 dxe5 46. d6 e4 47.
d7 Be6 48. d8=Q Bxc8 49. Qd5+ Kh8 50. Qf7 h5 51. Qxf8+ Kh7 52. Qxc8 e3 53. Nf3
h4 54. Qe6 Kh8 55. Ng5 Qxg2+ 56. Kxg2 f3+ 57. Kxf3 g6 58. Qf7 f4 59. Qh7# {
Hossa checkmated} 1-0

[Event "ICS rated standard match"]
[Site "204.178.125.65"]
[Date "2000.08.10"]
[Round "?"]
[White "Hossa"]
[Black "CARobot"]
[Result "0-1"]
[WhiteElo "2436"]
[BlackElo "2462"]
[PlyCount "120"]
[EventDate "2000.??.??"]

1. e4 c5 2. Nf3 d6 3. d4 cxd4 4. Nxd4 Nf6 5. Nc3 Nc6 6. Bg5 e6 7. Qd2 Be7 8.
O-O-O Nxd4 9. Qxd4 O-O 10. f4 Qa5 11. Bc4 Bd7 12. e5 dxe5 13. fxe5 Bc6 14. Rhf1
Nd5 15. Bd2 Nxc3 16. Qxc3 Qxc3 17. Bxc3 Bxg2 18. Rg1 Be4 19. Bd3 Bf3 20. Rdf1
Bc5 21. Rg3 Bh5 22. b4 Be7 23. Be4 Bg6 24. Bxb7 Rab8 25. Ba6 Bxb4 26. Bxb4 Rxb4
27. Ra3 Rd8 28. Be2 Re4 29. Bd3 Rxe5 30. Rxa7 Bxd3 31. cxd3 f6 32. Rg1 g6 33.
Rg3 Red5 34. Kd2 e5 35. Re3 R5d7 36. Rxd7 Rxd7 37. a4 Kf7 38. Re4 Ra7 39. h3
Ke6 40. Rb4 Ra6 41. Ke2 f5 42. Rc4 g5 43. Kf3 h5 44. Kg3 f4+ 45. Kf3 Kf5 46.
Kg2 g4 47. Rb4 g3 48. Kf3 Rg6 49. Rb1 Rd6 50. Ke2 Rd4 51. Ra1 Rb4 52. Kf1 f3
53. Kg1 Rb2 54. Rf1 Rg2+ 55. Kh1 Kf4 56. a5 Ke3 57. h4 Ke2 58. Rxf3 Kxf3 59. d4
Ra2 60. dxe5 Ra1# {Hossa checkmated} 0-1

[Event "ICS rated standard match"]
[Site "204.178.125.65"]
[Date "2000.08.10"]
[Round "?"]
[White "DeadlyWeapon"]
[Black "Hossa"]
[Result "0-1"]
[WhiteElo "2200"]
[BlackElo "2425"]
[PlyCount "40"]
[EventDate "2000.??.??"]

1. e4 e5 2. Nf3 Nc6 3. Bb5 a6 4. Ba4 Nf6 5. O-O Be7 6. Re1 b5 7. Bb3 d6 8. c3
O-O 9. h3 Na5 10. Bc2 c5 11. d4 Qc7 12. Nbd2 cxd4 13. cxd4 Bd7 14. Nf1 Rac8 15.
Ne3 Nc6 16. d5 Nb4 17. Bb3 a5 18. a3 Na6 19. Bd2 Nxe4 20. Rc1 Qb6 0-1

[Event "ICS rated standard match"]
[Site "204.178.125.65"]
[Date "2000.08.10"]
[Round "?"]
[White "Hossa"]
[Black "DeadlyWeapon"]
[Result "1-0"]
[WhiteElo "2425"]
[BlackElo "2115"]
[PlyCount "24"]
[EventDate "2000.??.??"]

1. e4 c5 2. Nf3 d6 3. d4 cxd4 4. Nxd4 Nf6 5. Nc3 a6 6. Bd3 b5 7. Nd5 Nxd5 8.
exd5 Bb7 9. Be4 g6 10. O-O Bg7 11. Re1 Nd7 12. Nc6 Bxc6 1-0

[Event "ICS rated blitz match"]
[Site "204.178.125.65"]
[Date "2000.08.10"]
[Round "?"]
[White "Dorky"]
[Black "Hossa"]
[Result "0-1"]
[WhiteElo "2323"]
[BlackElo "2485"]
[PlyCount "76"]
[EventDate "2000.??.??"]

1. d4 Nf6 2. c4 Nc6 3. d5 Ne5 4. e4 Ng6 5. Bd3 e6 6. Nf3 exd5 7. cxd5 Bb4+ 8.
Nc3 O-O 9. O-O Re8 10. Re1 Ng4 11. h3 N4e5 12. Nxe5 Nxe5 13. Bb5 c6 14. Bf1 d6
15. a3 Ba5 16. Be3 Ng6 17. g3 c5 18. Bg2 f5 19. Qc2 fxe4 20. Bxe4 Bxh3 21. Bxg6
hxg6 22. Qxg6 Re5 23. Bh6 Qf8 24. Rxe5 dxe5 25. f4 exf4 26. Bxf4 c4 27. Qe4 Qf7
28. Qxc4 Bb6+ 29. Kh2 Qh5 30. d6+ Be6+ 31. Kg2 Qh3+ 32. Kf3 Bxc4 33. Re1 g5 34.
Bxg5 Qh5+ 35. Kg2 Qxg5 36. Re7 Rf8 37. Re2 Bxe2 38. Nxe2 Rf2+ {Dorky resigns}
0-1

[Event "ICS rated blitz match"]
[Site "204.178.125.65"]
[Date "2000.08.10"]
[Round "?"]
[White "Hossa"]
[Black "Dorky"]
[Result "1-0"]
[WhiteElo "2494"]
[BlackElo "2314"]
[PlyCount "87"]
[EventDate "2000.??.??"]

1. d4 Nf6 2. c4 g6 3. Nc3 d5 4. cxd5 Nxd5 5. e4 Nxc3 6. bxc3 Bg7 7. Be3 c5 8.
Nf3 Nd7 9. Bd3 Qc7 10. O-O c4 11. Bc2 O-O 12. Qd2 Rd8 13. Bh6 Bh8 14. Qg5 Nb6
15. Qh4 Qd6 16. Bf4 Qf6 17. Bg5 Qc6 18. Bxe7 Re8 19. Bc5 Qc7 20. Qg3 Qxg3 21.
fxg3 Bd7 22. a4 Nxa4 23. Bxa4 b5 24. Bc2 a5 25. e5 Bc6 26. Nd2 Bd5 27. Be4 Bxe4
28. Nxe4 Rec8 29. Rab1 Rab8 30. Rf3 a4 31. Rbf1 Rb7 32. Nd6 Rcc7 33. e6 fxe6
34. Rf8+ Kg7 35. Ne8+ Kh6 36. Nxc7 Bxd4+ 37. Bxd4 Rxc7 38. R1f4 Rc5 39. Bxc5 e5
40. R4f7 g5 41. Rg8 Kh5 42. h3 h6 43. g4+ Kh4 44. Bf2# {Dorky checkmated} 1-0